Lingue ufficiali e regionali d'Europa su una mappa - Statistics

Statistiche generali
  • Questo quiz è stato fatto 284 volte
  • Il punteggio medio è 40 su 73
Risposte nella Mappa
Le risposte nella mappa del quiz sottostante sono codificate secondo una scala di colori dal rosso al verde in base alla % di persone che hanno risposto correttamente.
 
Statistiche sulle risposte
Famiglia L1 L2 Lingua % Corretto
Romanze 71 mil 64 mil Francese
100%
Germaniche 63 mil 197 mil Inglese
100%
Romanze 65 mil 17 mil Italiana
100%
Slave 106 mil 54 mil Russa
100%
Germaniche 97 mil 63 mil Tedesca
100%
Romanze 10 mil - Portoghese
99%
Germaniche 11 mil 2.1 mil Svedese
99%
Slave 32 mil - Ucraina
99%
Germaniche 5.2 mil - Norvegese
98%
Romanze 38 mil 38 mil Spagnola
98%
Altre Indo-Europee 5.8 mil - Albanese
96%
Elleniche 11 mil - Greca
96%
Germaniche 330 k - Islandese
96%
Germaniche 22 mil - Olandese
96%
Romanze 24 mil 4.0 mil Rumena
96%
Germaniche 5.5 mil - Danese
95%
Uraliche 5.4 mil - Finlandese
95%
Baltiche 1.7 mil - Lettone
95%
Baltiche 3.0 mil - Lituana
95%
Slave 2.1 mil - Slovena
95%
Slave 7.8 mil - Bulgara
94%
Uraliche 1.1 mil - Estone
94%
Slave 1.4 mil - Macedone
94%
Slave 38 mil - Polacca
94%
Turche 12 mil - Turca
94%
Slave 10 mil - Ceca
93%
Slave 21 mil - Serbo-Croata
93%
Romanze 1.3 mil - Sarda
92%
Slave 5.2 mil - Slovacca
92%
Uraliche 13 mil - Ungherese
92%
Celtiche 240 k 1.0 mil Irlandese
90%
Slave 3.3 mil - Bielorussa
88%
Romanze 4.0 mil 6.0 mil Catalana
88%
Celtiche 562 k 188 k Gallese
86%
Germaniche 336 k 50 k Lussemburghese
75%
Lingue isolate 750 k - Basca
71%
Romanze 30 k 95 k Corsa
64%
Semitiche 520 k - Maltese
64%
Romanze 41 k - Ladina
60%
Romanze 44 k - Romancia
53%
Romanze 2.4 mil - Galiziana
48%
Uraliche 23 k - Sami
48%
Germaniche 66 k - Faroese
31%
Caucasiche nordorientali 1.4 mil - Cecena
29%
Celtiche 230 2.0 k Mannese
29%
Celtiche 57 k - Gaelica scozzese
24%
Turche 4.3 mil - Tatara
20%
Indoiraniche 597 k - Osseta
17%
Celtiche 557 - Cornica
13%
Romanze 200 - Guernesiais
10%
Slave 70 k - Russina
10%
Romanze 15 k - Mirandese
7%
Slave 20 k - Soraba
7%
Turche 1.1 mil - Ciuvascia
6%
Uraliche 500 k - Mari
6%
Caucasiche nordoccidentali 117 k - Adighè
5%
Mongoliche 80 k - Calmucca
5%
Germaniche 470 k - Frisone occidentale
5%
Uraliche 340 k - Udmurta
5%
Turche 1.2 mil - Baschira
4%
Slave 50 k - Casciuba
4%
Turche 140 k - Gagauza
4%
Romanze 1.9 k 900 Jèrriais
4%
Uraliche 220 k - Komi
4%
Germaniche 3.5 k - Frisone settentrionale
3%
Caucasiche nordorientali 300 k - Inguscia
3%
Caucasiche nordoccidentali 530 k - Cabardina
2%
Turche 480 k - Tatara di Crimea
2%
Caucasiche nordoccidentali 49 k - Abazina
1%
Turche 300 k - Caraciai-Balcara
1%
Uraliche 120 k - Erza
1%
Uraliche 2.0 k - Mokša
1%
Turche 87 k - Nogai
1%
Nessun quiz corrispondente trovato
Distribuzione punteggi
Percentuale di utenti per punteggio
Percentile per numero di risposta
I tuoi punteggi nel tempo
Non hai fatto questo quiz